000 01137nas a2200361 4500
001 BR2012002256
003 BR-BrBNA
005 20231205120430.0
007 ta
008 230509b bl.|||p| |||| 00| 00por d
040 _aBR-BrBNA
_bpor
_cBiblioteca Nacional de Agricultura
041 _a(Pt)
072 _aJ11; E70
100 1 _aGalvão, A.S.
100 1 _aSilva, E.A.
100 1 _aSousa, J.M. de
100 1 _aSilva, R.R.
100 1 _aSilva, M. de J.S.
100 1 _aRibeiro, A.E.L.
245 1 _aAcarofauna em produtos alimentícios comercializados em mercados de São Luís-MA
_bComunicação científica
246 1 _aAcarofauna in food products comercialized in markets of the São Luís-MA
650 _aACARO
650 _aPRODUTO ARMAZENADO
650 _aALIMENTO PARA ANIMAL
650 _aCOMERCIALIZAÇÃO
650 _aSÃO LUIS
650 _aMARANHÃO
650 _aEXTRUSÃO
773 0 _tMagistra (Brazil)
_xISSN 2236-4420
_g(Oct-Dec 2011), v. 23(4) p. 252-256
_wBR2012002256
856 4 0 _dLink DSPACE/MAPA BR2012002256
909 _a202311
_bLúcia
_c55
_dLúcia Elande
942 _2AGRIS
_n0
_cANA
999 _c218465
_d218465